বাংলা সাহিত্যের কথা / (Record no. 243)
[ view plain ]
| 000 -LEADER | |
|---|---|
| fixed length control field | 01200nam a22002777a 4500 |
| 001 - CONTROL NUMBER | |
| control field | 243 |
| 003 - CONTROL NUMBER IDENTIFIER | |
| rucl marc code | BD-RjUL |
| 005 - DATE AND TIME OF LATEST TRANSACTION | |
| control field | 20230725150902.0 |
| 008 - FIXED-LENGTH DATA ELEMENTS--GENERAL INFORMATION | |
| fixed length control field | 131113r20221953bg |||| |||| 000 0 ben d |
| 020 ## - INTERNATIONAL STANDARD BOOK NUMBER | |
| International Standard Book Number | 9844101557 : |
| 035 ## - SYSTEM CONTROL NUMBER | |
| System control number | (BD-RjUL)257 |
| 040 ## - CATALOGING SOURCE | |
| Original cataloging agency | BD-RjUL |
| Language of cataloging | ben |
| Transcribing agency | BD-RjUL |
| Modifying agency | BD-RjUL |
| 041 ## - LANGUAGE CODE | |
| Language code of text/sound track or separate title | ben |
| 082 40 - DEWEY DECIMAL CLASSIFICATION NUMBER | |
| Edition number | 23 |
| Classification number | 891.4409 |
| Author mark and year | SHB 2022 |
| 100 1# - MAIN ENTRY--PERSONAL NAME | |
| Personal name | শহীদুল্লাহ্, মুহাম্মদ |
| 9 (RLIN) | 733 |
| 245 10 - TITLE STATEMENT | |
| Title | বাংলা সাহিত্যের কথা / |
| Statement of responsibility, etc. | মুহম্মদ শহীদুল্লাহ্ |
| 250 ## - EDITION STATEMENT | |
| Edition statement | মাওলা ব্রাদার্স সং. |
| 260 ## - PUBLICATION, DISTRIBUTION, ETC. (IMPRINT) | |
| Place of publication, distribution, etc. | ঢাকা : |
| Name of publisher, distributor, etc. | মাওলা ব্রাদার্স, |
| Date of publication, distribution, etc. | ১৯৫৩,১৯৯৯ [মুদ্রণ ২০০২, ২০২২] |
| 300 ## - PHYSICAL DESCRIPTION | |
| Pagination | খণ্ড ; |
| Size | ২০ সেমি. |
| 500 ## - GENERAL NOTE | |
| General note | "Replaced Copy" |
| 504 ## - BIBLIOGRAPHY, ETC. NOTE | |
| Bibliography, etc | গ্রন্থপঞ্জী সংযুক্ত |
| 505 0# - FORMATTED CONTENTS NOTE | |
| Formatted contents note | খণ্ড. ১ম প্রাচীন যুগ -- খণ্ড. ২য় মধ্যযুগ -- |
| 650 ## - SUBJECT ADDED ENTRY--TOPICAL TERM | |
| Topical term or geographic name as entry element | বাংলা সাহিত্য |
| General subdivision | ইতিহাস |
| 9 (RLIN) | 111831 |
| Topical term or geographic name as entry element | Bengali Literature |
| General subdivision | History |
| 9 (RLIN) | 66403 |
| 942 ## - ADDED ENTRY ELEMENTS (KOHA) | |
| Source of classification or shelving scheme | Dewey Decimal Classification |
| Koha item type | Books |
| Lost status | Source of classification or shelving scheme | Damaged status | Not for loan | Collection code | Permanent Location | Current Location | Shelving location | Date acquired | Source of acquisition | Cost, normal purchase price | Total Checkouts | Full call number | Date last seen | Date checked out | Copy number | Koha item type |
|---|---|---|---|---|---|---|---|---|---|---|---|---|---|---|---|---|
| Dewey Decimal Classification | Non-fiction | Central Library, University of Rajshahi | Central Library, University of Rajshahi | 29/12/1965 | Raj.Orient | 121.00 | 3 | B 891.4409 SHB V-2 2002 | 01/04/2019 | 01/04/2019 | C-2 | Books | ||||
| Dewey Decimal Classification | Not For Loan | Non-fiction | Central Library, University of Rajshahi | Central Library, University of Rajshahi | Reading Room | 07/06/2023 | Rajshahi : Biddasagar | 187.50 | B 891.4409 SHB V-1 2022 | 25/07/2023 | C-1 | Books | ||||
| Dewey Decimal Classification | Non-fiction | Central Library, University of Rajshahi | Central Library, University of Rajshahi | General Stacks | 07/06/2023 | Rajshahi : Biddasagar | 187.50 | B 891.4409 SHB V-1 2022 | 25/07/2023 | C-2 | Books | |||||
| Dewey Decimal Classification | Non-fiction | Central Library, University of Rajshahi | Central Library, University of Rajshahi | General Stacks | 07/06/2023 | Rajshahi : Biddasagar | 187.50 | B 891.4409 SHB V-1 2022 | 25/07/2023 | C-3 | Books | |||||
| Dewey Decimal Classification | Not For Loan | Non-fiction | Central Library, University of Rajshahi | Central Library, University of Rajshahi | Reading Room | 07/06/2023 | Rajshahi : Biddasagar | 360.00 | B 891.4409 SHB V-2 2022 | 25/07/2023 | C-1 | Books | ||||
| Dewey Decimal Classification | Non-fiction | Central Library, University of Rajshahi | Central Library, University of Rajshahi | General Stacks | 07/06/2023 | Rajshahi : Biddasagar | 360.00 | 2 | B 891.4409 SHB V-2 2022 | 18/05/2025 | 11/02/2025 | C-3 | Books | |||
| Dewey Decimal Classification | Non-fiction | Central Library, University of Rajshahi | Central Library, University of Rajshahi | General Stacks | 07/06/2023 | Rajshahi : Biddasagar | 360.00 | B 891.4409 SHB V-2 2022 | 25/07/2023 | C-4 | Books |